Segunda antología poética (1898-1918)

Gardado en:
Detalles Bibliográficos
Autor Principal: Jiménez, Juan Ramón
Formato: Libro
Idioma:Undetermined
Publicado: Madrid, España Espasa-Calpe 1969
Materias:
Etiquetas: Engadir etiqueta
Sen Etiquetas, Sexa o primeiro en etiquetar este rexistro!

MARC

LEADER 00000nam a2200000Ia 4500
008 170316s9999 xx 000 0 und d
999 |c 10033  |d 10033 
040 |a cru BVZT 
090 |a 862 J-4s 
100 |a Jiménez, Juan Ramón 
245 |a Segunda antología poética (1898-1918) 
260 |a Madrid, España 
260 |b Espasa-Calpe 
260 |c 1969 
300 |a 264 páginas 
650 |a LITERATURA ESPAÑOLA  |9 23 
650 |a POESÍA  |9 18 
942 |c 15 D  |h 862 J-4s  |2 z